[Event "Challenge"]
[Site "http://www.queenalice.com/game.php?id=474610"]
[Date "2008.10.8"]
[Round "-"]
[White "PIOLHO"]
[Black "amandolin"]
[Result "1-0"]
[WhiteElo "1560"]
[BlackElo "1390"]

1. e4 c5 2. Nf3 Nc6 3. Bb5 a6 4. Bxc6 bxc6 5. d3 d5 6. Nc3 Bg4 7. h3 Bxf3 8.
Qxf3 Nf6 9. e5 d4 10. Qxc6+ Nd7 11. Ne4 e6 12. Bg5 Be7 13. Nd6+ Bxd6 14. Bxd8
Kxd8 15. Qxa8+ Nb8 16. exd6 Kc8 17. Qa7 Rd8 18. Qc7# 1-0

[Event "Challenge"]
[Site "http://www.queenalice.com/game.php?id=474831"]
[Date "2008.10.9"]
[Round "-"]
[White "Edmilson9975"]
[Black "PIOLHO"]
[Result "1-0"]
[WhiteElo "1370"]
[BlackElo "1440"]

1. d4 d5 2. Nf3 Bg4 3. c4 dxc4 4. Ne5 Be6 5. e4 Nd7 6. Nxc4 Bxc4 7. Bxc4 e6 8.
Qb3 Nb6 9. Be3 Nf6 10. Bd3 Be7 11. Nc3 O-O 12. O-O Ng4 13. Be2 Nxe3 14. fxe3 c5
15. Rad1 Qc7 16. Nb5 Qc6 17. d5 exd5 18. exd5 Bd6 19. dxc6 1-0

[Event "Challenge"]
[Site "http://www.queenalice.com/game.php?id=475711"]
[Date "2008.10.11"]
[Round "-"]
[White "THEJEGUE"]
[Black "PIOLHO"]
[Result "0-1"]
[WhiteElo "1703"]
[BlackElo "1622"]

1. d4 d5 2. c4 e6 3. c5 b6 4. c6 Nxc6 5. Nf3 Nf6 6. Bg5 h6 7. Bxf6 gxf6 8. e3
Qd6 9. Bb5 Bb7 10. Nc3 O-O-O 11. a4 e5 12. Qe2 e4 13. Bxc6 Bxc6 14. Nd2 Qb4 15.
Qa6+ Kb8 16. O-O Bb7 17. Qb5 Qd6 18. a5 Rg8 19. axb6 cxb6 20. Ra2 a6 21. Qb3 f5
22. Rfa1 Qg6 23. g3 Bd6 24. Qxb6 Bc7 25. Qxg6 fxg6 26. Na4 Ba5 27. b3 Rc8 28.
Nc5 Bxd2 29. Rxd2 g5 30. Nd7+ Ka7 31. Nf6 Rg7 32. Ra5 Kb6 33. Rda2 Rf7 34. Nxd5+
Bxd5 35. Rxd5 f4 36. Rd6+ Kb7 37. Raxa6 f3 38. b4 Rc1# 0-1

[Event "Challenge"]
[Site "http://www.queenalice.com/game.php?id=475712"]
[Date "2008.10.11"]
[Round "-"]
[White "THEJEGUE"]
[Black "PIOLHO"]
[Result "0-1"]
[WhiteElo "1725"]
[BlackElo "1582"]

1. d4 d5 2. c4 e6 3. c5 b6 4. c6 Nxc6 5. Nf3 Nf6 6. Ne5 Nxe5 7. dxe5 Nd7 8. f4
f6 9. e3 fxe5 10. Qh5+ g6 11. Qg5 Be7 12. Qg4 Nf6 13. Bb5+ Bd7 14. Qe2 exf4 15.
exf4 Ne4 16. O-O O-O 17. Nc3 Nxc3 18. bxc3 Bc5+ 19. Kh1 c6 20. Bd3 Qh4 21. g3
Qh6 22. f5 Qg7 23. fxg6 Rxf1+ 24. Qxf1 hxg6 25. Bb2 Rf8 26. Qe2 Qh7 27. Qc2 Rf2
28. Qxf2 Bxf2 29. Rf1 Bxg3 30. Kg2 Qxh2+ 31. Kf3 Qxb2 32. Kxg3 Qxc3 33. Rf3 Qe5+
34. Kf2 g5 35. Rh3 g4 36. Rg3 Qb2+ 37. Be2 e5 0-1

[Event "PIOLHO... "O CHATO""]
[Site "http://www.queenalice.com/game.php?id=475909"]
[Date "2008.10.11"]
[Round "-"]
[White "THEJEGUE"]
[Black "PIOLHO"]
[Result "1-0"]
[WhiteElo "1715"]
[BlackElo "1568"]

1. e4 e5 2. Nf3 Nc6 3. d4 exd4 4. Nxd4 Qf6 5. Be3 Bc5 6. c3 Nge7 7. Nxc6 Qxc6 8.
Bxc5 Qxc5 9. b4 Qc6 10. Qd4 O-O 11. Bd3 d6 12. O-O d5 13. e5 Bf5 14. Bxf5 Nxf5
15. Qd3 Ne7 16. f4 Qg6 17. Qd4 c6 18. Nd2 Nf5 19. Qf2 b6 20. Nf3 Rfe8 21. a4 c5
22. bxc5 bxc5 23. Qxc5 Rec8 24. Qxd5 Ne3 25. Nh4 Qb6 26. Qd4 Qxd4 27. cxd4 Nxf1
28. Rxf1 Rc2 29. f5 Rc4 30. Nf3 Rxa4 31. e6 f6 32. Re1 g6 33. d5 Rd8 34. e7 Re8
35. d6 Kf7 36. d7 1-0

[Event "Challenge"]
[Site "http://www.queenalice.com/game.php?id=478444"]
[Date "2008.10.17"]
[Round "-"]
[White "samueneotaviano"]
[Black "PIOLHO"]
[Result "0-1"]
[WhiteElo "1423"]
[BlackElo "1645"]

1. d4 g6 2. f4 Bg7 3. b4 d5 4. e3 Nc6 5. c3 Nf6 6. b5 Na5 7. a4 O-O 8. h4 Ne4 9.
Ne2 Nc4 10. Nd2 Ncxd2 11. Bxd2 Bg4 12. a5 c6 13. bxc6 bxc6 14. Qb3 Rb8 15. Qa2
Qd6 16. Rb1 Rxb1+ 17. Qxb1 Rb8 18. Qc1 c5 19. c4 cxd4 20. Nxd4 Bxd4 21. exd4
dxc4 22. Qxc4 Ng3 23. Rg1 Rb1+ 24. Kf2 Ne4+ 25. Ke3 Nxd2 26. Kxd2 Qxf4+ 27. Kc2
Rc1+ 28. Kb3 Rxc4 29. Kxc4 Be6+ 30. Kc5 Qd6+ 31. Kb5 Qd5+ 32. Ka6 Qxd4 33. Be2
Qxg1 34. g4 Qc5 35. Bb5 Bc8# 0-1

[Event "Challenge"]
[Site "http://www.queenalice.com/game.php?id=480272"]
[Date "2008.10.20"]
[Round "-"]
[White "PIOLHO"]
[Black "Edmilson9975"]
[Result "0-1"]
[WhiteElo "1569"]
[BlackElo "1388"]

1. e4 e5 2. Nf3 Nc6 3. Bc4 d6 4. d3 Bg4 5. h3 Bxf3 6. gxf3 Nd4 7. Be3 Nf6 8.
Bxd4 exd4 9. c3 dxc3 10. bxc3 d5 11. Bb3 Qe7 12. Nd2 O-O-O 13. Qc2 d4 14. cxd4
Rxd4 15. Rb1 Nh5 16. Qb2 c5 17. Qc3 Nf4 18. Bc2 Qf6 19. Qb3 Rb4 20. Qa3 Kb8 21.
Rxb4 cxb4 22. Qa4 Bc5 23. Nb3 Qc3+ 24. Kf1 Qxc2 0-1

[Event "Challenge"]
[Site "http://www.queenalice.com/game.php?id=483584"]
[Date "2008.10.26"]
[Round "-"]
[White "constantin"]
[Black "PIOLHO"]
[Result "1-0"]
[WhiteElo "1752"]
[BlackElo "1569"]

1. e4 e5 2. f4 d6 3. Nf3 h6 4. f5 Nc6 5. Bb5 a6 6. Ba4 b5 7. Bb3 Bb7 8. O-O Nf6
9. d3 Nd4 10. c3 Nxb3 11. Qxb3 d5 12. Nxe5 Bd6 13. Bf4 dxe4 14. Qxf7# 1-0

[Event "André ensina como pegar  DAMA"]
[Site "http://www.queenalice.com/game.php?id=484618"]
[Date "2008.10.29"]
[Round "-"]
[White "PIOLHO"]
[Black "Andre251"]
[Result "1-0"]
[WhiteElo "1632"]
[BlackElo "1538"]

1. e4 e5 2. Nf3 d6 3. Bc4 Nc6 4. d4 exd4 5. Nxd4 Nxd4 6. Qxd4 f6 7. Qd5 Qd7 8.
O-O c6 9. Qh5+ g6 10. Qf3 b5 11. Bxg8 Rxg8 12. Qxf6 Bg7 13. Qf4 Qe7 14. c3 Rf8
15. Qe3 h5 16. Nd2 Bb7 17. Nf3 O-O-O 18. a4 a6 19. axb5 cxb5 20. Qa7 Bf6 21. Re1
Rd7 22. Bf4 Bxe4 23. Qxa6+ Kd8 24. Qxb5 Rb7 25. Qa6 d5 26. Bd6 Qd7 27. Qa8+ Qc8
28. Bxf8 Rb8 29. Qa5+ Ke8 30. Bd6 Rb7 31. Qxd5 Qg4 32. Qxe4+ Qxe4 33. Rxe4+ 1-0

[Event "PIOJO"]
[Site "http://www.queenalice.com/game.php?id=487218"]
[Date "2008.11.3"]
[Round "-"]
[White "PIOLHO"]
[Black "saturnin"]
[Result "1-0"]
[WhiteElo "1641"]
[BlackElo "1559"]

1. e4 e5 2. Nf3 Nc6 3. Bc4 Nf6 4. Ng5 d5 5. exd5 Nxd5 6. d3 a6 7. Qf3 Be6 8.
Nxe6 fxe6 9. Nd2 Ndb4 10. Bb3 Nd4 11. Qh5+ g6 12. Qd1 Nxb3 13. Nxb3 Bg7 14. a3
Nd5 15. O-O Nf4 16. Qf3 b5 17. Qc6+ Ke7 18. Nc5 Qd5 19. Qxc7+ Kf6 20. Bxf4 exf4
21. Qxf4+ Ke7 22. Qc7+ Kf8 23. Rfe1 Re8 24. Nd7+ Kg8 25. Ne5 Bxe5 26. Rxe5 Qd4
27. Rae1 Rf8 28. Rxe6 Qxf2+ 29. Kh1 Rf6 30. Re8+ Rf8 31. Rxf8+ Kxf8 32. Qd6+ Kg7
33. Qe5+ Kg8 34. Qd5+ Kg7 35. Re7+ Kh6 36. Qf3 Qxc2 37. Qh3+ Kg5 38. Qe3+ Kg4
39. h3+ Kh4 40. Qf4+ Kh5 41. Re5+ g5 42. Qxg5# 1-0

[Event "PIOJO"]
[Site "http://www.queenalice.com/game.php?id=487219"]
[Date "2008.11.3"]
[Round "-"]
[White "XaraX"]
[Black "PIOLHO"]
[Result "0-1"]
[WhiteElo "1753"]
[BlackElo "1558"]

1. d4 d5 2. c4 e6 3. cxd5 exd5 4. Nc3 Nf6 5. Bg5 Bb4 6. Qa4+ Nc6 7. a3 Be7 8.
Nf3 h6 9. Bf4 O-O 10. e3 Bd7 11. Bb5 a6 12. Bxc6 Bxc6 13. Qc2 Bd6 14. Bxd6 Qxd6
15. h3 Rfe8 16. O-O Ne4 17. Nxe4 dxe4 18. Ne5 Bd5 19. f3 exf3 20. gxf3 f6 21.
Nc4 Qg3+ 22. Qg2 Qxg2+ 23. Kxg2 Bxc4 24. Rac1 b5 25. a4 Bxf1+ 26. Kxf1 Rxe3 27.
Kf2 Rb3 28. axb5 Rxb2+ 29. Kg3 Rxb5 30. Rxc7 a5 31. f4 a4 32. Rc5 Rxc5 33. dxc5
a3 0-1

[Event "Let's Play Chess!"]
[Site "http://www.queenalice.com/game.php?id=487290"]
[Date "2008.11.3"]
[Round "-"]
[White "enrikov"]
[Black "PIOLHO"]
[Result "1-0"]
[WhiteElo "1980"]
[BlackElo "1648"]

1. c4 e5 2. Nc3 Nf6 3. Nf3 Nc6 4. d4 exd4 5. Nxd4 Nxd4 6. Qxd4 Bb4 7. Bg5 Bxc3+
8. Qxc3 d6 9. e4 h6 10. Bh4 Be6 11. Rd1 Qd7 12. Bxf6 gxf6 13. Qxf6 Rh7 14. e5
Qe7 15. Qf4 Qg5 16. Qxg5 hxg5 17. exd6 cxd6 18. Rxd6 Ke7 19. Rd2 Rh4 20. b3 Re4+
21. Be2 f5 22. O-O f4 23. Bf3 Re5 24. Bxb7 1-0

[Event "Challenge"]
[Site "http://www.queenalice.com/game.php?id=487464"]
[Date "2008.11.3"]
[Round "-"]
[White "PIOLHO"]
[Black "Dupion"]
[Result "0-1"]
[WhiteElo "1645"]
[BlackElo "1736"]

1. e4 c5 2. Nf3 e6 3. d4 cxd4 4. Nxd4 a6 5. Nc3 Qc7 6. Be3 Nc6 7. Nxc6 Qxc6 8.
Qg4 Nf6 9. Qf3 Bb4 10. Bd4 Qxe4+ 11. Qxe4 Nxe4 12. Bd3 Nxc3 13. Bxc3 Bxc3+ 14.
bxc3 d5 15. O-O O-O 16. f4 Bd7 17. Rf3 Rac8 18. Rh3 g6 19. Re1 Rxc3 20. Rb1 b5
21. Rb3 Rxb3 22. axb3 e5 23. Rh4 e4 24. Be2 Rc8 25. Bd1 b4 26. Bg4 Bxg4 27. Rxg4
f5 28. Rg3 d4 29. Kf1 Rxc2 0-1

[Event "Let's Play Chess!"]
[Site "http://www.queenalice.com/game.php?id=487701"]
[Date "2008.11.4"]
[Round "-"]
[White "paddymalonespub"]
[Black "PIOLHO"]
[Result "0-1"]
[WhiteElo "1663"]
[BlackElo "1604"]

1. e4 e5 2. Nf3 Nc6 3. d4 exd4 4. Nxd4 Nge7 5. Bc4 d6 6. Nc3 g6 7. O-O Bg7 8.
Be3 O-O 9. Nxc6 Nxc6 10. Bd5 Ne7 11. Bd4 c6 12. Bc4 b5 13. Bxg7 Kxg7 14. Qd4+ f6
15. Bd3 c5 16. Qe3 b4 17. Nd5 Re8 18. Qf4 Nc6 19. Bb5 Bb7 20. Bxc6 Bxc6 21. Rae1
Bb5 22. b3 Bxf1 23. Rxf1 Re5 24. g4 Qf8 25. f3 g5 26. Qe3 Rc8 27. f4 gxf4 28.
Qxf4 Re6 29. g5 Kh8 30. Nxf6 Qg7 31. Nh5 Qe7 32. g6 Rxg6+ 33. Kh1 Rcg8 34. Ng3
Qg5 35. Qf7 Rh6 36. Nf5 Qg2# 0-1

[Event "O"]
[Site "http://www.queenalice.com/game.php?id=491038"]
[Date "2008.11.10"]
[Round "-"]
[White "Urko"]
[Black "PIOLHO"]
[Result "1-0"]
[WhiteElo "1625"]
[BlackElo "1649"]

1. e4 e5 2. b3 Nf6 3. d3 Bb4+ 4. Bd2 Bxd2+ 5. Nxd2 d5 6. Ngf3 Bg4 7. h3 Bxf3 8.
gxf3 d4 9. Nc4 Nc6 10. Qd2 Qe7 11. a3 O-O-O 12. h4 Nh5 13. Bh3+ Kb8 14. Bg4 Nf4
15. O-O-O f6 16. a4 Nb4 17. Kb2 h5 18. Bh3 Ne6 19. Bxe6 Nxd3+ 20. cxd3 Qxe6 21.
f4 exf4 22. Qxf4 Qe7 23. Rc1 g5 24. hxg5 fxg5 25. Qf5 Rdf8 26. Qe5 Rxf2+ 27. Kb1
Qd8 28. Rhf1 Rhf8 29. Rg1 Rg8 30. Na3 Qd6 31. Qxd6 cxd6 32. Rc2 Rf3 33. Rd1 g4
34. Nb5 Rg6 35. Nxd4 Rh3 36. b4 g3 37. Rf1 a6 38. Rf8+ Ka7 39. Rcc8 g2 40. Ra8+
Kb6 41. a5+ Kc7 42. Rf7# 1-0

[Event "bora :D"]
[Site "http://www.queenalice.com/game.php?id=491894"]
[Date "2008.11.11"]
[Round "-"]
[White "MalucoO"]
[Black "PIOLHO"]
[Result "1-0"]
[WhiteElo "2153"]
[BlackElo "1670"]

1. e4 e5 2. Nf3 Nc6 3. Bb5 d6 4. d4 exd4 5. Nxd4 Bd7 6. O-O Nxd4 7. Bxd7+ Qxd7
8. Qxd4 Ne7 9. c4 Nc6 10. Qd1 Be7 11. Nc3 O-O 12. f4 Bh4 13. Qf3 Nd4 14. Qd3 Ne6
15. Be3 Qc6 16. Nd5 Nc5 17. Bxc5 Qxc5+ 18. Kh1 c6 19. Ne3 Rfe8 20. Nf5 Bf6 21.
Nxd6 Re7 22. e5 Bxe5 23. fxe5 Qxe5 24. Nf5 Re6 25. Ng3 Qxb2 26. Rab1 Qxa2 27.
Rxb7 Rae8 28. Qd7 R6e7 29. Qxe7 Rf8 30. Qxf7+ 1-0

[Event "Challenge"]
[Site "http://www.queenalice.com/game.php?id=495989"]
[Date "2008.11.20"]
[Round "-"]
[White "PIOLHO"]
[Black "THEJEGUE"]
[Result "0-1"]
[WhiteElo "1660"]
[BlackElo "1783"]

1. e4 c5 2. Nf3 d6 3. d4 cxd4 4. Nxd4 Nf6 5. Bg5 h6 6. Bxf6 exf6 7. Nc3 Bd7 8.
Bb5 Bxb5 9. Ndxb5 Nc6 10. Nd5 Rc8 11. O-O a6 12. Nd4 Nxd4 13. Qxd4 Rc6 14. c4
Be7 15. b3 O-O 16. Rfe1 Re8 17. Re3 Qc8 18. Rg3 b5 19. Rc1 g5 20. Nxf6+ Bxf6 21.
Qxf6 Re6 22. Qf5 Re5 23. Qf6 Re6 24. Qf5 Rc5 25. Qf3 Rce5 26. Qc3 Rxe4 27. Re3
bxc4 28. Rxe4 Rxe4 29. bxc4 Re2 30. a4 Qc5 31. Qf6 d5 32. Qf3 Re4 33. h3 Rxc4
34. Re1 Rc1 35. Rxc1 Qxc1+ 36. Kh2 Qf4+ 37. Qg3 Qxg3+ 38. Kxg3 f5 39. Kf3 Kf7
40. Ke3 Ke6 41. Kd4 f4 42. a5 h5 43. g3 f3 44. h4 g4 45. Kd3 Ke5 46. Ke3 d4+ 47.
Kd3 Kd5 48. Kd2 Kc4 49. Kc2 d3+ 50. Kd2 Kd4 51. Kc1 Kc4 52. Kd2 Kb4 53. Kxd3
Kxa5 54. Kc3 Kb5 55. Kb3 a5 56. Kc3 a4 57. Kb2 Kb4 58. Kc2 a3 59. Kc1 Kb3 60.
Kb1 Kc3 0-1

[Event "Challenge"]
[Site "http://www.queenalice.com/game.php?id=496711"]
[Date "2008.11.22"]
[Round "-"]
[White "PIOLHO"]
[Black "Mars"]
[Result "0-1"]
[WhiteElo "1644"]
[BlackElo "1753"]

1. e4 d5 2. exd5 Qxd5 3. Nc3 Qe5+ 4. Qe2 Qxe2+ 5. Ngxe2 e5 6. d4 Bd6 7. dxe5
Bxe5 8. Be3 Bf5 9. O-O-O Nc6 10. Nb5 Nf6 11. Bd4 O-O 12. Bxe5 Nxe5 13. Ng3 Be6
14. Nxc7 Rac8 15. Nb5 Bxa2 16. b3 Nfg4 17. Ne4 Bxb3 18. Nbc3 Be6 19. h3 Rxc3 20.
Nxc3 Nxf2 21. Be2 Nxh1 22. Rxh1 a5 23. Nb5 g6 24. Nd6 a4 25. Nxb7 a3 26. Nc5 Ba2
27. Kd2 Rd8+ 28. Kc3 Rc8 29. Kb4 Ra8 30. Ra1 Nc6+ 31. Kc3 Bd5 32. Bf3 Ne7 33.
Kb4 Nc6+ 34. Kc3 Bxf3 35. gxf3 Ra5 36. Nb3 Ra8 37. Nc1 f5 38. Ne2 Ne5 39. Nd4 h5
40. f4 Nf7 41. Kb3 Ra5 42. Rxa3 Rd5 43. Ra4 g5 44. Ne6 g4 45. hxg4 fxg4 46. c4
Rd3+ 47. Kc2 Rd6 48. Ng5 Nxg5 49. fxg5 g3 50. Ra1 Rc6 51. Kc3 Rg6 52. c5 Rxg5
53. Kb4 g2 54. Rg1 h4 55. Kb5 h3 0-1

[Event "Challenge"]
[Site "http://www.queenalice.com/game.php?id=496848"]
[Date "2008.11.22"]
[Round "-"]
[White "PIOLHO"]
[Black "no_master"]
[Result "0-1"]
[WhiteElo "1668"]
[BlackElo "1873"]

1. e4 e5 2. Nf3 Nc6 3. Bc4 Be7 4. d4 d6 5. d5 Nb8 6. Nc3 Nf6 7. Bg5 c6 8. O-O
O-O 9. Bxf6 Bxf6 10. dxc6 bxc6 11. Ne2 Qe7 12. Ng3 Na6 13. Qe2 Nc5 14. b4 Ne6
15. Nf5 Qc7 16. N3h4 g6 17. Qg4 Kh8 18. Nh6 Nf4 19. Qg3 Be6 20. Bxe6 Ne2+ 0-1

[Event "Dexa eu tenta di novu"]
[Site "http://www.queenalice.com/game.php?id=526977"]
[Date "2009.1.22"]
[Round "-"]
[White "PIOLHO"]
[Black "THEJEGUE"]
[Result "1-0"]
[WhiteElo "1632"]
[BlackElo "1677"]

1. e4 e5 2. Nf3 Nf6 3. Nxe5 Nxe4 4. d4 d6 5. Qe2 Nf6 6. Nc6+ Qe7 7. Nxe7 Bxe7 8.
Bg5 O-O 9. Bxf6 Bxf6 10. c3 Bd7 11. Qf3 Bc6 12. d5 Re8+ 13. Kd1 Ba4+ 14. b3 Bd7
15. Bd3 c6 16. dxc6 Bxc6 17. Qh3 h6 18. Kd2 Nd7 19. Re1 Ne5 20. Qf5 Nxd3 21.
Rxe8+ Rxe8 22. Qxd3 Bxg2 23. Na3 Re5 24. c4 Be4 25. Qh3 Rg5 26. Rd1 Ra5 27. b4
Bg5+ 28. Ke1 Rf5 29. Nb5 Re5 30. Qc8+ Kh7 31. Kf1 d5 32. Nd6 Re7 33. Nxe4 dxe4
34. Rd7 f5 35. Rxe7 Bxe7 36. Qxf5+ Kg8 37. Qxe4 Bxb4 38. Qxb7 Bf8 39. Qxa7 Bd6
40. c5 Bxh2 41. c6 Kh7 42. c7 Bxc7 43. Qxc7 h5 44. Kg2 Kh6 45. Kf3 g6 46. Kf4
g5+ 47. Kf5 h4 48. Kg4 h3 49. Qd6+ Kg7 50. Kxg5 h2 51. Qf6+ 1-0

[Event "OI"]
[Site "http://www.queenalice.com/game.php?id=552552"]
[Date "2009.3.8"]
[Round "-"]
[White "Urko"]
[Black "PIOLHO"]
[Result "0-1"]
[WhiteElo "1686"]
[BlackElo "1670"]

1. e4 e5 2. Nc3 Nf6 3. a3 d5 4. d4 exd4 5. Qxd4 Nc6 6. Bb5 Bd7 7. Bxc6 Bxc6 8.
Bg5 Be7 9. e5 Nh5 10. Bxe7 Qxe7 11. Nxd5 Bxd5 12. Qxd5 c6 13. Qd6 Qg5 14. Nf3
Qxg2 15. Ke2 Rd8 16. Qb4 Qg6 17. Rac1 b6 18. Rhg1 Qf5 19. Rg5 Nf4+ 20. Kf1 Qh3+
21. Ke1 Qxf3 22. Rg3 Qe2# 0-1

[Event "Challenge"]
[Site "http://www.queenalice.com/game.php?id=552804"]
[Date "2009.3.8"]
[Round "-"]
[White "THEJEGUE"]
[Black "PIOLHO"]
[Result "0-1"]
[WhiteElo "1760"]
[BlackElo "1650"]

1. e4 e5 2. Nf3 Nc6 3. Bb5 d6 4. Bxc6+ bxc6 5. O-O Nf6 6. d3 Bg4 7. Bg5 h6 8.
Be3 d5 9. Qe2 dxe4 10. dxe4 Bd6 11. Rd1 Nxe4 12. h3 Bh5 13. Nbd2 Nxd2 14. Rxd2
O-O 15. g4 Bg6 0-1